Responses for show #7303 - Wednesday, May 18, 2016

2016 Power Players Week game 3.
From DAR Constitution Hall in Washington, D.C.

Contestants

[<< previous game]

Jonathan Capehart, a journalist from The Washington Post

Kate Bolduan, a co-host from CNN's At This Hour

Louie C.K., a comedian, actor, director, writer, and producer from Louie and Horace and Pete

[next game >>]

Jeopardy! Round responses

IT'S NOT ROCKET SCIENCE
(Kate: Hopefully not.)
MUSICAL THEATER
(Alex: Louie, Louie, or...)
LOUIS, LOUIS
STATE FACTS
CEOs
MULTIPLE CHOICE
    $200 8
the core

Jonathan
    $200 4
(Kate: What is "Greased Lightning"?)
...
(Kate: I thought you wanted the song.)

Grease

KateJonathan
    $200 1
(Louie: What is pulp fiction?)

Western

Louie
Triple Stumper
    $200 5
Idaho

Kate
    $200 17
July

Kate
    $400 18
(Alex: That is it with a minute to go.)

helium

Kate
    $400 6
Wicked

Kate
    $400 2
Joe Louis

Louie
    $400 9
New Hampshire

Jonathan
    $600 7
Maria

Louie
    $600 3
the Incredible Hulk

Kate
    $600 10
(Louie: Oh, boy. Uh, why did I ring in?)

"Home On The Range"

LouieJonathan
    $600 23
[The end-of-round signal sounds.]

Paul

Kate
    $800 22
(Kate: Dilute.)
...
(Kate: Oh, my God. I'm walking off the stage now.)
(Alex: Yeah, it's [*].)
(Kate: KATE BOLDUAN'S AN IDIOT for $500.)
(Alex: No, you don't have control of the board right now.)
[Laughter]
(Alex: I'm all for women's lib, but you're pushing it a little too far, Kate. Louie. Louie, make the selection.)

dilate

LouieKate
    $800 13
(Kate: Oh, my God. Uh, oh, my God. Uh, [*]! What is [*]?)
(Alex: That's it.)
(Kate: Oh, my God!)

The Book of Mormon

Kate
    $800 15
Louis Farrakhan

Louie
    $800 11
Columbia

Kate
    $800 20
Nicolas Cage

Jonathan
    $1000 19
Pluto

Louie
    $1000 14
Newsies

Louie
    $1000 16
Louis Brandeis

Jonathan
    $1000 12
(Jonathan: What is Montana?)

Wyoming

Jonathan
Triple Stumper
    $1000 21
(Jonathan: What is caiman?)

wombat

KateJonathan

Scores at the first commercial break (after clue 12):

Louie Kate Jonathan
$200 $1,800 $400

Scores at the end of the Jeopardy! Round:

Louie Kate Jonathan
$3,800 $4,000 $1,200

Double Jeopardy! Round responses

I HEART CAPES
ART
D.C. HISTORY
WHAT'S "NEW"?
CLASSIC MOVIE CHARACTERS
DEEP THOUGHTS
    $400 5
Cape Cod

Jonathan
    $400 10
the Renaissance

Jonathan
    $400 11
(Louie: What is [*]?)
(Alex: That's right.)
(Louie: I almost messed that up.)

the Emancipation Proclamation

Louie
    $400 15
the New World

Kate
    $400 1
Sam

Louie
    $400 13
[Alex reads the blanks as "do this" and "do it".]

burn

Jonathan
    $800 6
Cape Canaveral

Jonathan
    $800 14
Picasso

Kate
    $800 23
the Patent Office

Kate
    $800 16
The New York Times

Louie
    $800 2
Inspector Clouseau

Louie
    $800 20
[Alex reads the blank as "this".]
(Kate: What is peace?)
(Jonathan: What is humanity?)

truth

KateJonathan
Triple Stumper
    $1200 7
(Jonathan: What is Argentina?)

Chile

Jonathan
Triple Stumper
    $1200 21
(Jonathan: Who is Monet?)

Vincent van Gogh

Jonathan
Triple Stumper
    $1200 24
(Alex: Yes, with less than a minute to go.)

El Salvador

Jonathan
    $1200 17
the New Testament

Louie
    $1200 12
Godzilla

Louie
    $1200 26
look back

Louie
    $1600 8
the Cape of Good Hope

Jonathan
    $1600 22
The Blue Boy

Triple Stumper
    $2,000 25
(Jonathan: I should've gone all the way.)

Alexandria

Jonathan
    $1600 18
New Age

Louie
    $1600 3
Indiana Jones

Louie
    $5,000 27
(Louie: Uh... Like, I wanna do something dramatic, but I don't wanna ruin the...)
(Alex: Anything you do will be dramatic.)
[Alex reads the blank as
"this".]
[The end-of-round signal sounds.]

illegal

Louie
    $2000 9
Cape Girardeau

Triple Stumper
    $2000 19
(Sir Isaac) Newton

Jonathan
    $2000 4
Bullitt

Jonathan

Scores at the end of the Double Jeopardy! Round:

Louie Kate Jonathan
$18,000 $5,200 $8,800
(lock game)

[wagering suggestions for these scores]

Final Jeopardy! Round responses

THE SUPREME COURT
(Alex: The correct response is someone who has often cast the deciding vote in Supreme Court decisions.)
...
(Louie: I was starting to write "Fistula". That's my charity.)
KateWho souter
$5,000
JonathanWho is Anthony Kennedy
$6,000
LouieWho is kennedy? Fis
$399
Anthony Kennedy

Final scores:

Louie Kate Jonathan
$18,399 $200 $14,800
Winner: $50,000 to the Fistula Foundation 3rd place: $10,000 to Free Arts NYC 2nd place: $14,800 to Sasha Bruce Youthwork

Game dynamics:

Coryat scores:

Louie Kate Jonathan
$14,600 $5,200 $8,400
16 R
(including 1 DD),
2 W
12 R,
3 W
15 R
(including 1 DD),
5 W

Combined Coryat: $28,200

The J! Archive is created by fans, for fans. The Jeopardy! game show and all elements thereof, including but not limited to copyright and trademark thereto, are the property of Jeopardy Productions, Inc. and are protected under law. This website is not affiliated with, sponsored by, or operated by Jeopardy Productions, Inc. Join the discussion at JBoard.tv.